000 00497nam a2200181Ia 4500
001 19813
003 GE_BSU
008 181216s||||||||xx |||||||||||||| ||und||
040 _cGE_BSU
245 4 _aThe Economist. №9021. December 24th 2016- January 6th 2017
260 _aParis
260 _c2017
300 _a118p 27cm. ill.
653 _aThe Economist. №9021. December 24th 2016- January 6th 2017
653 _aПериодика
653 _aპერიოდიკა
942 _cCR
999 _c52785
_d52785